000 00659cam a2200205 4500
001 ABS66553
008 030404n2003 000 0 eng u
035 _a(Sirsi) u121907
100 _aWatson, P.
245 _aDeploying supply chain management
260 _c2003
490 _aBuilding Engineer
_v78(3) March 2003, 28-29(2)
490 _aBuilding Engineer
_v78(4) April 2003, 32-35(4)
520 _aTwo articles on the deployment of supply chain management (SCM) within a construction operational environment.
590 _aABS
650 _aSUPPLY CHAIN MANAGEMENT
650 _aPROJECT COSTS
690 _aProject management
_96261
942 _n0
999 _c72453
_d72453